<?xml version="1.0" encoding="UTF-8"?>
<record
    xmlns:xsi="http://www.w3.org/2001/XMLSchema-instance"
    xsi:schemaLocation="http://www.loc.gov/MARC21/slim http://www.loc.gov/standards/marcxml/schema/MARC21slim.xsd"
    xmlns="http://www.loc.gov/MARC21/slim">

  <leader>00549nam a22001217a 4500</leader>
  <controlfield tag="008">110621t        xxu||||| |||| 00| 0 eng d</controlfield>
  <datafield tag="010" ind1=" " ind2=" ">
    <subfield code="a">CACAF68</subfield>
  </datafield>
  <datafield tag="245" ind1=" " ind2=" ">
    <subfield code="a">Court of Appeal Civil Application No. 49 OF 2000 Uganda Railways Corporation Vs Uganda Revenue Authority </subfield>
  </datafield>
  <datafield tag="260" ind1=" " ind2=" ">
    <subfield code="c">2000</subfield>
  </datafield>
  <datafield tag="500" ind1=" " ind2=" ">
    <subfield code="a">Coram: Hon. A. Twinomujuni, J.A. (SINGLE JUDGE)</subfield>
  </datafield>
  <datafield tag="999" ind1=" " ind2=" ">
    <subfield code="c">3436</subfield>
    <subfield code="d">3436</subfield>
  </datafield>
  <datafield tag="952" ind1=" " ind2=" ">
    <subfield code="0">0</subfield>
    <subfield code="1">0</subfield>
    <subfield code="2">ddc</subfield>
    <subfield code="4">0</subfield>
    <subfield code="6">CACA_F_68</subfield>
    <subfield code="7">0</subfield>
    <subfield code="9">5617</subfield>
    <subfield code="a">MAIN</subfield>
    <subfield code="b">MAIN</subfield>
    <subfield code="c">LRP</subfield>
    <subfield code="d">2011-06-21</subfield>
    <subfield code="l">0</subfield>
    <subfield code="o">CACA F_68</subfield>
    <subfield code="p">49/2000/01</subfield>
    <subfield code="r">2011-06-21 00:00:00</subfield>
    <subfield code="w">2011-06-21</subfield>
    <subfield code="y">URC</subfield>
  </datafield>
  <datafield tag="952" ind1=" " ind2=" ">
    <subfield code="0">0</subfield>
    <subfield code="1">0</subfield>
    <subfield code="2">ddc</subfield>
    <subfield code="4">0</subfield>
    <subfield code="6">CACA_F_68</subfield>
    <subfield code="7">0</subfield>
    <subfield code="9">5618</subfield>
    <subfield code="a">MAIN</subfield>
    <subfield code="b">MAIN</subfield>
    <subfield code="c">LRP</subfield>
    <subfield code="d">2011-06-21</subfield>
    <subfield code="l">0</subfield>
    <subfield code="o">CACA F_68</subfield>
    <subfield code="p">49/2000/02</subfield>
    <subfield code="r">2011-06-21 00:00:00</subfield>
    <subfield code="w">2011-06-21</subfield>
    <subfield code="y">URC</subfield>
  </datafield>
</record>
